Deep Learning Illustrated: (Record no. 175619)

MARC details
000 -LEADER
fixed length control field 00790nam a22002177a 4500
005 - DATE AND TIME OF LATEST TRANSACTION
control field 20200910165327.0
010 ## - LCCN (DPL NO)
LC control number ENG-128410
020 ## - INTERNATIONAL STANDARD BOOK NUMBER
Terms of availability 549.00
International Standard Book Number 9789353945466
035 ## - SYSTEM CONTROL NUMBER
System control number EN-111942
037 ## - SOURCE OF ACQUISITION
Source of stock number/acquisition DBAD/PUB
082 ## - DEWEY DECIMAL CLASSIFICATION NUMBER
Classification number 006.31
100 ## - MAIN ENTRY--PERSONAL NAME
Personal name Krohn, John
245 ## - TITLE STATEMENT
Title Deep Learning Illustrated:
Remainder of title A Visual, Interactive Guide to Artificial Intelligence
Statement of responsibility, etc by John Krohn, Grant Beyleveld and Aglae Bassens
260 ## - PUBLICATION, DISTRIBUTION, ETC. (IMPRINT)
Place of publication, distribution, etc Noida
Name of publisher, distributor, etc Pearson
Date of publication, distribution, etc 2020
270 ## - ADDRESS
Address 15th floor,Tower-B,Word Trade Tower,Plot no.1,Block-C sec 16,
City Noida
Postal code 201301
Telephone number 04466540100
Electronic mail address companysecretary.india@pearson.com
300 ## - PHYSICAL DESCRIPTION
Extent xxxviii;330p.
Dimensions 23cm(pbk)
Other physical details Illustrations
500 ## - GENERAL NOTE
General note Includes Index
700 ## - ADDED ENTRY--PERSONAL NAME
Personal name Beyleveld, Grant
700 ## - ADDED ENTRY--PERSONAL NAME
Personal name Bassens, Aglae
942 ## - ADDED ENTRY ELEMENTS (KOHA)
Source of classification or shelving scheme Dewey Decimal Classification
Item type English Books
Classification part 006.31
Call number suffix KRO

No items available.


© Delhi Public Library
Hit Counter
free hit counter